Normal view MARC view

Entry Personal Name

Number of records used in: 1

001 - CONTROL NUMBER

  • control field: 1180073

003 - CONTROL NUMBER IDENTIFIER

  • control field: OSt

005 - DATE AND TIME OF LATEST TRANSACTION

  • control field: 20260324130000.0

008 - FIXED-LENGTH DATA ELEMENTS

  • fixed length control field: 260324|| aca||aabn | a|a d

040 ## - CATALOGING SOURCE

  • Original cataloging agency: OSt
  • Transcribing agency: OSt

100 ## - HEADING--PERSONAL NAME

  • Personal name: Samuel George Carter; Brian J. Thompson; Robert A. Kaindl; Jie Shan; R. Alan Cheville; Jason B. Baxter; Ingrid Wilke; Suranjana Sengupta; Richard Douglas Averitt; Charles A. Shmuttenmaer; John Cerne; Mark S. Sherwin; Edwin J. Heilweil; David F. Plusquellic; Thomas Rades; Phillip F. Taday; Susan L. Dexheimer; J. Axel Zeitler

670 ## - SOURCE DATA FOUND

  • Source citation: Work cat.: (OSt)1775800: Samuel George Carter; Brian J. Thompson; Robert A. Kaindl; Jie Shan; R. Alan Cheville; Jason B. Baxter; Ingrid Wilke; Suranjana Sengupta; Richard Douglas Averitt; Charles A. Shmuttenmaer; John Cerne; Mark S. Sherwin; Edwin J. Heilweil; David F. Plusquellic; Thomas Rades; Phillip F. Taday; Susan L. Dexheimer; J. Axel Zeitler, Terahertz Spectroscopy
Copyright @ Delhi University Library System